[Event "Mendrisio op"]
[Site "Mendrisio"]
[Date "1986.??.??"]
[Round "?"]
[White "Aleksic, Nenad"]
[Black "Martinovic, Slobodan"]
[Result "1-0"]
[WhiteElo "2390"]
[BlackElo "2430"]

1.e4 c5 2.Nf3 e6 3.Nc3 a6 4.d4 cxd4 5.Nxd4 Qc7 6.g3 Nf6 7.Bg2 Bb4 8.Ne2 d5
9.exd5 Nxd5 10.Bxd5 exd5 11.O-O Bxc3 12.Nxc3 O-O 13.Nxd5 Qd8 14.b3 Nc6 15.Bb2 Re8
16.Qf3 Be6 17.Nf4 Qg5 18.Nxe6 Rxe6 19.Rad1 Rae8 20.Rd7 R6e7 21.Rfd1 h6 22.c4 Qg6
23.Kg2 h5 24.h4 f6 25.R1d2 a5 26.Bc3 Kh7 27.R7d5 Ne5 28.Bxe5 fxe5 29.Rxa5 Rf7
30.Qe3 Ref8 31.Rxe5 Qc6+ 32.Qe4+ Qxe4+ 33.Rxe4 g6 34.f4 Kg7 35.Re6 Rf6 36.Rd7+ R8f7
37.Ree7  1-0

[Event "Bhilwara"]
[Site "New Delhi"]
[Date "1986.??.??"]
[Round "?"]
[White "Tilak, Sharad S"]
[Black "Barua, Dibyendu"]
[Result "0-1"]
[WhiteElo "2260"]
[BlackElo "2395"]

1.e4 c5 2.Nf3 e6 3.d4 cxd4 4.Nxd4 a6 5.Nc3 Ne7 6.g3 d5 7.Bg2 dxe4 8.Bxe4 e5
9.Nde2 Qxd1+ 10.Nxd1 Nbc6 11.O-O Be6 12.Ndc3 O-O-O 13.Be3 Nd4 14.Rfd1 Nec6
15.Nxd4 Nxd4 16.Bxd4 exd4 17.Ne2 Bc5 18.Nf4 Bg4 19.f3 Bd7 20.Nd3 Bb6 21.b4 Kc7
22.Kg2 f5 23.Bd5 Rhe8 24.Re1 Re3 25.Rxe3 dxe3 26.c4 Bd4 27.Rd1 Bf6 28.Nc1 Bb2
29.Ne2 Ba4 30.Rb1 Bf6 31.Re1 g5 32.f4 g4 33.h3 Bc2 34.hxg4 fxg4 35.Rh1 Rd7
36.Rh6 Rd6 37.f5 Bxf5 38.Nf4 Bd4 39.Rxd6 Kxd6 40.Ne2 Be5 41.Bxb7 Bd3 42.c5+ Ke7
43.Nc1 Bc4 44.Be4 e2 45.Nxe2 Bxe2 46.Bxh7 Bd4 47.Be4 a5  0-1

[Event "POL-chT"]
[Site "Porabka"]
[Date "1986.??.??"]
[Round "?"]
[White "Bielczyk, Jacek"]
[Black "Dejkalo, Stefan"]
[Result "1/2-1/2"]
[WhiteElo "2390"]
[BlackElo "2450"]

1.e4 c5 2.Nf3 e6 3.Nc3 a6 4.d4 cxd4 5.Nxd4 Qc7 6.Bd3 Nc6 7.Be3 Nf6 8.O-O Ne5
9.h3 Bc5 10.Qe2 d6 11.Rad1 O-O 12.f4 Nxd3 13.cxd3 b5 14.Rc1 Qa7 15.Qf2 e5
16.Nc2 Bxe3  1/2-1/2

[Event "Rome-B"]
[Site "Rome"]
[Date "1986.??.??"]
[Round "?"]
[White "Teschner, Rudolf"]
[Black "Benedetti, Fabrizio"]
[Result "1/2-1/2"]
[WhiteElo "2330"]
[BlackElo "2265"]

1.e4 c5 2.Nf3 e6 3.d4 cxd4 4.Nxd4 a6 5.Nc3 Qc7 6.Be2 Nc6 7.Be3 Nf6 8.O-O Be7
9.f4 d6 10.Kh1 O-O 11.Qe1 Bd7 12.Qg3 Nxd4 13.Bxd4 Bc6 14.Rae1 b5 15.Bd3 g6
16.e5 Nd7 17.Ne4 dxe5 18.fxe5 Bxe4 19.Bxe4 Rad8 20.c3 Bc5 21.Qe3 Rfe8 22.Bb1 Bxd4
23.cxd4 Nf8 24.h4 Rd7 25.Rf4 Red8 26.Ref1 Rd5 27.Qf2 R8d7 28.Bc2 Qa7 29.Rd1 Rd8
30.Bb3 R5d7 31.h5 gxh5 32.Rf1 Ng6 33.Rf6 Re7 34.Rd1 Red7 35.Rf1 Re7 36.Rd1 Red7  1/2-1/2

[Event "Rome-B"]
[Site "Rome"]
[Date "1986.??.??"]
[Round "?"]
[White "Bellia, Fabrizio"]
[Black "Benedetti, Fabrizio"]
[Result "0-1"]
[WhiteElo "2230"]
[BlackElo "2265"]

1.e4 c5 2.Nf3 e6 3.d4 cxd4 4.Nxd4 a6 5.Nc3 Qc7 6.Be2 Nc6 7.O-O Nf6 8.Kh1 Be7
9.f4 d6 10.Be3 Bd7 11.Qe1 O-O 12.Qg3 Nxd4 13.Bxd4 Bc6 14.Rad1 b5 15.e5 dxe5
16.fxe5 Ne4 17.Qg4 Nxc3 18.bxc3 Bd5 19.Bd3 Qd8 20.Rf6 Bc4 21.Qh5 Bxd3 22.Rxd3 Bxf6
23.exf6 Qd5 24.Qh4 Qf5 25.Rg3 g6 26.Rf3 Qh5 27.Qf4 e5 28.Bxe5 Rfe8 29.Bd4 Re1+
30.Rf1 Rae8 31.h3 Rxf1+ 32.Qxf1 Qh4 33.Qf3 g5 34.Bf2 Qe4 35.Qh5 Qg6 36.Qf3 h6
37.Qc6 Re6 38.Qc8+ Kh7 39.Bd4 Qf5 40.Qc7 Qf1+ 41.Kh2 Qf4+  0-1

[Event "Sochi"]
[Site "Sochi"]
[Date "1986.??.??"]
[Round "11"]
[White "Tal, Mihail"]
[Black "Eingorn, Vereslav S"]
[Result "1/2-1/2"]
[WhiteElo "2600"]
[BlackElo "2570"]

1.e4 c5 2.Nf3 e6 3.d4 cxd4 4.Nxd4 a6 5.Nc3 Qc7 6.Bd3 Nf6 7.O-O Nc6 8.Be3 Ne5
9.h3 Bc5 10.Na4 Ba7 11.c4 d6 12.Rc1 Bd7 13.Nc3 O-O 14.Be2 Rfc8 15.b3 Bc5
16.f4 Ng6 17.Kh1 e5 18.fxe5 dxe5 19.Nc2 Bxe3 20.Nxe3 Nf4 21.Bg4 Nxg4 22.Nxg4 Rd8
23.g3 Bf5 24.Qe1 Nd3 25.Qe3 Bxg4 26.Nd5 Rxd5 27.cxd5 Nxc1 28.Rxc1 Qd7 29.hxg4 Qxg4
30.Kg2 h5 31.Rc7 Rd8 32.Qf3 Qg6 33.Kh3 Rd6 34.Rxb7 Rf6 35.Qe2 Qg5 36.Rc7  1/2-1/2

[Event "Solingen"]
[Site "Solingen"]
[Date "1986.??.??"]
[Round "?"]
[White "Huebner, Robert"]
[Black "Capelan, Guenter"]
[Result "1-0"]
[WhiteElo "2620"]
[BlackElo "2425"]

1.e4 c5 2.Nf3 e6 3.Nc3 a6 4.d4 cxd4 5.Nxd4 Qc7 6.g3 Nc6 7.Bg2 Nf6 8.O-O Nxd4
9.Qxd4 Bc5 10.Qd3 d6 11.Bf4 h6 12.Rad1 e5 13.Be3 Be6 14.Bxc5 dxc5 15.Nd5 Bxd5
16.exd5 Qd6 17.f4 O-O 18.fxe5 Qxe5 19.Qb3 b5 20.d6 Rad8 21.Rfe1 Qf5 22.Qd3 Qxd3
23.Rxd3 Rfe8 24.Kf1 c4 25.Rd4 Rxe1+ 26.Kxe1 Kf8 27.Bb7 Ne8 28.d7 Nc7 29.Bc8 Ke7
30.Kd2 a5 31.a4 bxa4 32.Rxc4 Nd5 33.Rxa4 Nb6 34.Re4+ Kf8 35.Kc3 Nxc8 36.dxc8=Q Rxc8+
37.Rc4 Re8 38.Rc5 Re2 39.Rxa5 Rxh2 40.Rd5 Ke7 41.b4 Ke6 42.Rd3 h5 43.b5 h4
44.gxh4 Rxh4 45.Kb3 Rh1 46.c4 f5 47.c5 Rb1+ 48.Ka4 f4 49.b6 g5 50.Ka5 g4
51.c6 f3 52.c7 Ra1+ 53.Kb5 Rb1+ 54.Ka6  1-0

[Event "Tbilisi"]
[Site "Tbilisi"]
[Date "1986.??.??"]
[Round "?"]
[White "Gurgenidze, Bukhuti"]
[Black "Cvitan, Ognjen"]
[Result "1/2-1/2"]
[WhiteElo "2440"]
[BlackElo "2495"]

1.e4 c5 2.Nf3 e6 3.Nc3 a6 4.d4 cxd4 5.Nxd4 Qc7 6.Bd3 Nf6 7.Qe2 d6 8.Bg5 Be7
9.O-O Nbd7 10.Kh1 Nc5 11.Nb3 b6 12.f4 h6 13.Bh4 Nxd3 14.cxd3 Bb7 15.Rac1 Qd8
16.e5 dxe5 17.fxe5 Nd7 18.Bxe7 Qxe7 19.Nd2 O-O 20.d4 f6 21.Nc4 fxe5 22.Nxe5 Nxe5
23.Qxe5 Qd7 24.Kg1 Qc6 25.Qg3 Rad8 26.Rxf8+ Rxf8 27.Rf1 Rxf1+ 28.Kxf1 b5
29.a3 a5 30.Kf2 b4 31.axb4 axb4 32.Ne2 Ba6 33.Qf3 Qc4 34.h4 Bb5 35.Qe3 Qa2
36.Kg3 Bc4 37.Qe4 Qb3+ 38.Qf3 Qc2 39.Nf4 b3 40.h5 Qf5 41.Ng6  1/2-1/2

[Event "Tirnavia"]
[Site "Trnava"]
[Date "1986.??.??"]
[Round "2"]
[White "Lanc, Alois"]
[Black "Plachetka, Jan"]
[Result "1-0"]
[WhiteElo "2385"]
[BlackElo "2430"]

1.e4 c5 2.Nf3 e6 3.d4 cxd4 4.Nxd4 a6 5.Nc3 Qc7 6.Be2 Nf6 7.O-O d6 8.f4 Be7
9.Be3 O-O 10.Qe1 Nc6 11.Qg3 Kh8 12.Kh1 Bd7 13.Rad1 b5 14.e5 dxe5 15.fxe5 Qxe5
16.Bf4 Qc5 17.Nb3 Qa7 18.Be3 Qb8 19.Rxf6 Bxf6 20.Rxd7 Qxg3 21.hxg3 Rad8 22.Rb7 Rb8
23.Rxb8 Rxb8 24.Bc5 g6 25.a4 bxa4 26.Nxa4 a5 27.Bd6 Rd8 28.Bc7 Rd7 29.Bb6 Be5
30.Kh2 Nb4 31.Nac5 Rd6 32.Bc7 Rd5 33.Bxa5 Nxc2 34.Bf3 Bxb2 35.Bxd5 exd5 36.Nd3 Bf6
37.Bb6 h5 38.Bc5 Kg7 39.Kg1 g5 40.Kf2 Kg6 41.Ke2 Kf5 42.Kd2 Na1 43.Nbc1 Kg4
44.Bd6 Kf5 45.Nc5 Bd4 46.Kd3 Bb2 47.Ne2 Ba3 48.Nb7 Bb2 49.Nc3 Ke6 50.Bb4 f6
51.Nc5+ Kf5 52.Nxd5 Be5 53.Be1 Bd6 54.Ne4 Be5 55.Ndxf6 Nb3 56.Nxh5 Nc1+ 57.Ke3 Nb3
58.g4+ Kxg4 59.Nhf6+ Kf5 60.g4+ Ke6 61.Nh5  1-0

[Event "Zenica"]
[Site "Zenica"]
[Date "1986.??.??"]
[Round "2"]
[White "Kobas, Adnan"]
[Black "Jansa, Vlastimil"]
[Result "0-1"]
[WhiteElo "2320"]
[BlackElo "2475"]

1.e4 c5 2.Nf3 e6 3.d4 cxd4 4.Nxd4 a6 5.Nc3 Nc6 6.g3 Qc7 7.Bg2 Nf6 8.O-O Be7
9.h3 O-O 10.Be3 d6 11.f4 Na5 12.g4 Nc4 13.Bc1 e5 14.fxe5 dxe5 15.Nf5 Bxf5
16.Rxf5 Nxb2 17.Qf3 Nc4 18.Bg5 Nb6 19.Rf1 Ne8 20.Be3 Bc5 21.Kh1 Nd6 22.Rh5 Bxe3
23.Qxe3 Rac8 24.Nd5 Nxd5 25.exd5 f6 26.g5 g6 27.Rh6 Nf7 28.gxf6 Nxh6 29.Qxh6 Qd7
30.d6 Rc5 31.c4 Rf7 32.Bd5 Rxd5 33.cxd5 Qxd6 34.Qd2 Kf8 35.Rc1 Qxf6 36.Qh6+ Ke7
37.Qe3 Qf3+ 38.Qxf3 Rxf3 39.Rc7+ Kd6 40.Rxb7 Rxh3+  0-1

[Event "Zenica"]
[Site "Zenica"]
[Date "1986.??.??"]
[Round "6"]
[White "Subasic, Ilijas"]
[Black "Cvitan, Ognjen"]
[Result "0-1"]
[WhiteElo "2320"]
[BlackElo "2465"]

1.e4 c5 2.Nf3 e6 3.d4 cxd4 4.Nxd4 a6 5.Nc3 Qc7 6.Bd3 Nf6 7.O-O d6 8.a4 b6
9.f4 Nbd7 10.Kh1 Bb7 11.Qe2 Be7 12.Bd2 O-O 13.Rae1 Nc5 14.e5 Nfd7 15.Bxh7+ Kxh7
16.Qh5+ Kg8 17.Re3 f5 18.Rh3 dxe5 19.Qh7+ Kf7 20.Qh5+ g6 21.Qh7+ Ke8 22.Qxg6+ Kd8
23.fxe5 Qxe5 24.Nf3 Qf6 25.Qh5 f4 26.Rd1 Kc7 27.Qh7 Rh8 28.Bxf4+ Qxf4 29.Qxe7 Rxh3
30.Rd4 Rxh2+  0-1

[Event "Altensteig"]
[Site "Altensteig"]
[Date "1987.??.??"]
[Round "?"]
[White "Kindermann, Stefan"]
[Black "Farago, Ivan"]
[Result "1/2-1/2"]
[WhiteElo "2520"]
[BlackElo "2535"]

1.e4 c5 2.Nf3 e6 3.d4 cxd4 4.Nxd4 a6 5.Nc3 Qc7 6.g3 Bb4 7.Ne2 Nf6 8.Bg2 Be7
9.O-O Nc6 10.a4 O-O 11.Kh1 Rb8 12.f4 d6 13.f5 b5 14.axb5 axb5 15.fxe6 fxe6
16.Nf4 b4 17.Nce2 Qb6 18.Qd3 Ng4 19.h3 Nge5 20.Qb3 Na5 21.Qe3 Qxe3 22.Bxe3 Nac6
23.b3 g5 24.Nd3 Rxf1+  1/2-1/2

[Event "Andorra zt"]
[Site "Andorra"]
[Date "1987.??.??"]
[Round "?"]
[White "De la Villa Garcia, Jesus Maria"]
[Black "Magem Badals, Jorge"]
[Result "1/2-1/2"]
[WhiteElo "2485"]
[BlackElo "2425"]

1.e4 c5 2.Nc3 e6 3.Nf3 a6 4.d4 cxd4 5.Nxd4 b5 6.Bd3 Ne7 7.O-O Nbc6 8.Nxc6 Nxc6
9.f4 Be7 10.Be3 d6 11.Qh5 g6 12.Qh6 Bf8 13.Qh3 Bg7 14.f5 O-O 15.Bh6 Ne5 16.Bxg7 Kxg7
17.f6+ Kh8 18.Nd1 Bb7 19.Ne3 Rc8 20.Ng4 Nxg4 21.Qxg4 Rc5 22.Rad1 Re5 23.Qf4 Qb6+
24.Kh1 g5 25.Qg4 Rg8 26.Rf3 Rg6 27.Rdf1 Qd8 28.c3 Rh6 29.Qg3 Rh4 30.Qf2  1/2-1/2

[Event "Banja Vrucica"]
[Site "Banja Vrucica"]
[Date "1987.??.??"]
[Round "1"]
[White "Palos, Osman"]
[Black "Kojder, Konrad"]
[Result "1/2-1/2"]
[WhiteElo "2440"]
[BlackElo "2290"]

1.e4 c5 2.Nf3 e6 3.Nc3 a6 4.d4 cxd4 5.Nxd4 Nc6 6.Nxc6 bxc6 7.Bd3 d6 8.f4 Qc7
9.Qf3 Nf6 10.Nd1 Bb7 11.Nf2 c5 12.c4 d5 13.exd5 exd5 14.Qe2+ Be7 15.O-O O-O
16.Ng4 dxc4 17.Bxc4 Nxg4 18.Qxg4 Rad8 19.a4 Bf6 20.Ra3 Rd4 21.Rc3 Qc6 22.b3 Rxf4  1/2-1/2

[Event "Banja Vrucica"]
[Site "Banja Vrucica"]
[Date "1987.??.??"]
[Round "8"]
[White "Lalic, Nedim"]
[Black "Ilijin, Neboisa"]
[Result "1/2-1/2"]
[WhiteElo "2360"]
[BlackElo "2270"]

1.e4 c5 2.Nf3 e6 3.d4 cxd4 4.Nxd4 a6 5.Nc3 Qc7 6.Be3 b5 7.a3 Bb7 8.f4 Nc6
9.Qf3 Nf6 10.Bd3 Nxd4 11.Bxd4 Bc5 12.Bxc5 Qxc5 13.Qf2 Rc8  1/2-1/2

[Event "Berlin op"]
[Site "Berlin-West"]
[Date "1987.??.??"]
[Round "?"]
[White "Grosar, Aljosa"]
[Black "Krajcsovits, Marton"]
[Result "1-0"]
[WhiteElo "2355"]
[BlackElo "2225"]

1.e4 c5 2.Nf3 e6 3.d4 cxd4 4.Nxd4 a6 5.Nc3 b5 6.Bd3 Bb7 7.O-O Ne7 8.f4 Qb6
9.Be3 Nec6 10.Nce2 Nxd4 11.Bxd4 Bc5 12.Bxc5 Qxc5+ 13.Kh1 d5 14.e5 Nc6 15.c3 O-O
16.Rf3 g6 17.Rh3 d4 18.Ng3 f5 19.exf6 dxc3 20.bxc3 Nd8 21.Qg4 Qxc3 22.Bxg6 Qxf6
23.Bxh7+ Kf7 24.Rd1 Bd5 25.Rxd5 exd5 26.Qd7+ Qe7 27.Bg6+  1-0

[Event "Noviki-C"]
[Site "Budapest"]
[Date "1987.??.??"]
[Round "?"]
[White "Mantovani, Renzo"]
[Black "Tompa, Janos"]
[Result "1/2-1/2"]
[WhiteElo "2265"]
[BlackElo "2415"]

1.e4 c5 2.Nf3 e6 3.Nc3 a6 4.d4 cxd4 5.Nxd4 Qc7 6.g3 Bb4 7.Ne2 Nf6 8.Bg2 Be7
9.O-O Nc6 10.h3 O-O 11.g4 Rd8 12.g5 Ne8 13.f4 b5 14.a3 Bb7 15.Qe1 Bc5+ 16.Kh1 Nd4
17.Nxd4 Bxd4 18.Be3 Bxe3 19.Qxe3 Nd6 20.Qd4 Rac8 21.a4 bxa4  1/2-1/2

[Event "Coimbatore"]
[Site "Coimbatore"]
[Date "1987.??.??"]
[Round "?"]
[White "Sahu, Sekhar Chandra"]
[Black "Vasiukov, Evgeni"]
[Result "1-0"]
[WhiteElo "2380"]
[BlackElo "2490"]

1.e4 c5 2.Nf3 e6 3.d4 cxd4 4.Nxd4 a6 5.Nc3 b5 6.Bd3 Qb6 7.Nb3 Qc7 8.O-O Bb7
9.Qe2 Nc6 10.f4 Nb4 11.Be3 Nf6 12.Kh1 Be7 13.Rac1 O-O 14.Rf3 d6 15.Rg3 g6
16.a3 Nxd3 17.cxd3 Qd8 18.Rf1 Rc8 19.Nd4 Kh8 20.Rh3 Rg8 21.Nf3 Nd7 22.Bd4+ Bf6
23.Ng5 Rg7 24.Bxf6 Qxf6 25.e5 dxe5 26.Nce4 Bxe4 27.Nxe4 Qe7 28.fxe5 Nxe5
29.d4 Nd7 30.b4 Rc4 31.Qe3 g5 32.Rh5 f6 33.Rh6 Rg6 34.Rxg6 hxg6 35.Nc5 Nxc5
36.dxc5 Qd7 37.h3 Kg7 38.Qf3 Rf4 39.Rd1 Qc8 40.Qe2 e5 41.Kh2 Rc4 42.Qf3 e4
43.Qg3 Qf5 44.Qc7+ Kh6 45.Qd8 Qe5+ 46.Kh1 f5 47.h4 f4 48.Rd5 Qg7 49.Qxg5+ Kh7
50.h5  1-0

[Event "New Delhi"]
[Site "Delhi"]
[Date "1987.??.??"]
[Round "?"]
[White "Sahu, Sekhar Chandra"]
[Black "Barua, Dibyendu"]
[Result "1/2-1/2"]
[WhiteElo "2380"]
[BlackElo "2455"]

1.e4 c5 2.Nf3 e6 3.d4 cxd4 4.Nxd4 a6 5.Nc3 Qc7 6.g3 Nc6 7.Bg2 Nf6 8.O-O Be7
9.Re1 Nxd4 10.Qxd4 d6 11.e5 dxe5 12.Qxe5 Qxe5 13.Rxe5 O-O 14.Re2 Bd6 15.f4 Rb8
16.Be3 b6 17.Rd1 Bc7 18.Red2 e5 19.fxe5 Bxe5 20.Bd4 Bxd4+ 21.Rxd4 Bf5 22.R1d2 h5
23.a4 Rfe8 24.Nd5 Nxd5 25.Rxd5 g6 26.Kf2 Kg7 27.c3 Re6 28.Rd6 Kf6 29.Rxe6+ Bxe6
30.Bf1 a5 31.Bb5 Ke5 32.Re2+ Kf5 33.Rd2 Kf6 34.Rd4 Ke5 35.Bc4 Bxc4 36.Rxc4 Rd8
37.Ke2 Rd6 38.b4 axb4 39.Rxb4 f5 40.Rb5+ Ke4 41.a5 bxa5 42.Rxa5 g5  1/2-1/2

[Event "Endingen MA"]
[Site "Endingen"]
[Date "1987.??.??"]
[Round "7"]
[White "Sutterer, Robert"]
[Black "Arnold, Lothar"]
[Result "0-1"]
[WhiteElo "2225"]
[BlackElo "2305"]

1.e4 c5 2.Nf3 e6 3.d4 cxd4 4.Nxd4 a6 5.Nc3 Qc7 6.g3 Nf6 7.Bg2 Be7 8.O-O O-O
9.f4 d6 10.Kh1 Nc6 11.Be3 Bd7 12.Qe2 b5 13.a3 Rac8 14.Nb3 b4 15.axb4 Nxb4
16.Nd4 Qc4 17.Qd1 Rb8 18.g4 Rfc8 19.g5 Ne8 20.Rf3 g6 21.Rf2 Bf8 22.f5 Ng7
23.f6 Ne8 24.Nf3 Qc7 25.Bf1 Bc6 26.Nd4 Bb7 27.Nxe6 Qd7 28.Nd4 Nc7 29.Bg2 Re8
30.Qf3 d5 31.e5 Rxe5 32.Bf4 Re4 33.Nxe4 dxe4 34.Qd1 Rd8 35.Bxc7 Qxc7 36.c3 Qe5
37.Qg4 Nd3 38.Rff1 Bd6 39.Qh4 Nf4 40.Rae1 Nxg2 41.Kxg2 e3+ 42.Kg1 Re8 43.Qh6 Bf8
44.Qh4 Qd5 45.Nf3 Re4 46.Qh3 e2 47.Rf2 Bc5  0-1

[Event "Espoo"]
[Site "Espoo"]
[Date "1987.??.??"]
[Round "11"]
[White "Pulkkinen, Kari"]
[Black "Kivisto, Mikko"]
[Result "1/2-1/2"]
[WhiteElo "2240"]
[BlackElo "2355"]

1.e4 c5 2.Nf3 e6 3.d4 cxd4 4.Nxd4 a6 5.Nc3 Qc7 6.Bd3 Nf6 7.f4 d6 8.O-O b5
9.a3 Bb7 10.Qe2 Nbd7 11.g4 h5 12.g5 Qb6 13.h3 d5 14.gxf6 Qxd4+ 15.Be3 Qxe3+
16.Qxe3 Bc5 17.Qxc5 Nxc5 18.fxg7 Rg8 19.exd5 Rxg7+ 20.Kf2 Nxd3+ 21.cxd3 Bxd5
22.Nxd5 exd5  1/2-1/2

[Event "Gausdal Troll Masters"]
[Site "Gausdal"]
[Date "1987.??.??"]
[Round "?"]
[White "Pyhala, Antti"]
[Black "Iskov, Gert"]
[Result "0-1"]
[WhiteElo "2385"]
[BlackElo "2330"]

1.e4 c5 2.Nf3 e6 3.d4 cxd4 4.Nxd4 a6 5.Nc3 Qc7 6.g3 Bb4 7.Ne2 Nf6 8.Bg2 d6
9.O-O Nbd7 10.h3 O-O 11.f4 b5 12.e5 dxe5 13.Bxa8 Qa7+ 14.Be3 Qxa8 15.a3 Be7
16.Qe1 Qc6 17.Kh2 Bb7 18.Rg1 a5 19.fxe5 Nxe5 20.Nd4 Qd7 21.Qe2 h5 22.Rgd1 b4
23.axb4 axb4 24.Ncb5 Nfg4+ 25.hxg4 Nxg4+ 26.Kg1 Qd5 27.Kf1 Qh1+ 28.Bg1 Bg2+
29.Qxg2 Ne3+ 30.Kf2 Nxg2 31.Bh2 Ne1 32.Rxe1 Qxh2+ 33.Kf3 h4 34.Rg1 hxg3 35.Raf1 Qh5+
36.Kg2 Rb8 37.Nc7 Bd6 38.Rh1 Qe5 39.Rh4 Bxc7  0-1

[Event "Granma zt"]
[Site "Granma"]
[Date "1987.??.??"]
[Round "?"]
[White "Garcia, Gildardo"]
[Black "Zapata, Alonso"]
[Result "1-0"]
[WhiteElo "2445"]
[BlackElo "2505"]

1.e4 c5 2.Nf3 e6 3.d4 cxd4 4.Nxd4 a6 5.Nc3 Qc7 6.Be2 Nc6 7.O-O Nf6 8.Kh1 Bb4
9.Bg5 Bxc3 10.Bxf6 gxf6 11.bxc3 Ne7 12.c4 Ng6 13.Qd2 Qf4 14.Qc3 h5 15.g3 Qxe4+
16.Bf3 Qe5 17.Rae1 Qc5 18.Nb3 Qg5 19.Nd2 f5 20.h4 Qe7 21.c5 Rg8 22.Bg2 Kf8
23.f4 Rb8 24.Qe3 d6 25.cxd6 Qxd6 26.Nc4 Qc7 27.Nb6 Ne7 28.c4 Rg6 29.c5 e5
30.Qxe5 Qxe5 31.Rxe5 Nc6 32.Bxc6 Rxc6 33.Rd1 Be6 34.Rxe6 fxe6 35.Nd7+ Ke8
36.Nxb8 Rxc5 37.Nd7 Rc2 38.a4 b5 39.axb5 axb5 40.Ne5 Rc3 41.Kg2 b4 42.Rd6 Ke7
43.Rd7+ Ke8 44.Rb7 b3 45.Nf3 Rc2+ 46.Kh3 b2 47.Nd4  1-0

[Event "Graz op"]
[Site "Graz"]
[Date "1987.??.??"]
[Round "6"]
[White "Wittmann, Walter"]
[Black "Lenz, Thomas"]
[Result "1/2-1/2"]
[WhiteElo "2400"]
[BlackElo "2270"]

1.e4 c5 2.Nf3 e6 3.d4 cxd4 4.Nxd4 a6 5.Nc3 Qc7 6.Be2 b5 7.f4 Bb7 8.Bf3 Nc6
9.Nxc6 Bxc6 10.Be3 b4 11.Ne2 Nf6 12.Qd4 Rc8 13.O-O Qb7 14.Ng3 h5 15.e5 Ng4
16.Bxc6 Qxc6 17.Ne4 Qd5 18.Rfd1 Rxc2 19.Rac1 Nxe3 20.Qxe3 Bc5 21.Qxc5 Rxc5
22.Nxc5 Qc6 23.Nxd7 Qxd7 24.Rxd7 Kxd7 25.Kf2 Rc8 26.Rxc8  1/2-1/2

[Event "Graz op"]
[Site "Graz"]
[Date "1987.??.??"]
[Round "6"]
[White "Donchev, Dimitar I"]
[Black "Cvitan, Ognjen"]
[Result "1-0"]
[WhiteElo "2450"]
[BlackElo "2510"]

1.e4 c5 2.Nf3 e6 3.Nc3 a6 4.d4 cxd4 5.Nxd4 Qc7 6.Be2 b5 7.Bf3 Nc6 8.Nxc6 dxc6
9.a4 Bb7 10.Qe2 e5 11.axb5 axb5 12.Nxb5 cxb5 13.Qxb5+ Ke7 14.Rxa8 Bxa8 15.O-O Kf6
16.Qe8 Ne7 17.Qxa8 Qxc2 18.Be3 g6 19.Rd1 Kg7 20.b4 Qb2 21.Qb7 Ng8 22.b5 Nf6
23.b6 Bb4 24.Qa7 Bc3 25.b7 g5 26.g4 h5 27.h3 hxg4 28.hxg4 Bd4 29.Bxd4 exd4
30.Qxd4 Qxb7 31.Qxf6+  1-0

[Event "Halle (Women)"]
[Site "Halle"]
[Date "1987.??.??"]
[Round "3"]
[White "Baumstark, Gertrude"]
[Black "Broeder, Iris"]
[Result "1-0"]
[WhiteElo "2225"]
[BlackElo "2225"]

1.e4 c5 2.Nf3 e6 3.d4 cxd4 4.Nxd4 a6 5.Nc3 Qc7 6.Bd3 Nf6 7.O-O d6 8.f4 Be7
9.Kh1 Nbd7 10.Qf3 O-O 11.Qh3 Nc5 12.Bd2 b5 13.e5 dxe5 14.fxe5 Qxe5 15.Nc6 Qc7
16.Nxe7+ Qxe7 17.Bg5 Nxd3 18.cxd3 Qb4 19.Bxf6 gxf6 20.Ne4 f5 21.Qg3+ Kh8
22.Qe5+ f6 23.Nxf6 Rxf6 24.Qxf6+ Kg8 25.Rf3  1-0

[Event "Jakarta zt"]
[Site "Jakarta"]
[Date "1987.??.??"]
[Round "?"]
[White "Qi Jingxuan"]
[Black "Xu Jun"]
[Result "0-1"]
[WhiteElo "2490"]
[BlackElo "2495"]

1.e4 c5 2.Nf3 e6 3.d4 cxd4 4.Nxd4 a6 5.Nc3 d6 6.Be3 Nf6 7.Be2 Qc7 8.a4 Nc6
9.O-O Be7 10.f4 O-O 11.Bf3 Nxd4 12.Qxd4 e5 13.Qd3 exf4 14.Bxf4 Be6 15.Rfd1 Rfd8
16.a5 Rac8 17.Kh1 Qc5 18.Be3 Qe5 19.Bd4 Qg5 20.Bb6 Rf8 21.Rd2 Ng4 22.Bxg4 Qxg4
23.Nd5 Bg5 24.Re2 Kh8 25.Qf3 Qh4 26.Bf2 Qh6 27.Bg3 f5 28.Nb6 Rcd8 29.exf5 Bxf5
30.Rf1 Rf6 31.Qc3 Bg4 32.Ref2 Rxf2 33.Rxf2 Bf6 34.Qd2 Qxd2 35.Rxd2 Bxb2 36.Rxd6  0-1

[Event "London Peace"]
[Site "London"]
[Date "1987.??.??"]
[Round "?"]
[White "Lobron, Eric"]
[Black "Hodgson, Julian M"]
[Result "0-1"]
[WhiteElo "2530"]
[BlackElo "2510"]

1.e4 c5 2.Nf3 e6 3.Nc3 a6 4.d4 cxd4 5.Nxd4 b5 6.Be3 Bb7 7.f3 Qc7 8.Qd2 Nf6
9.g4 h6 10.Rg1 Bb4 11.h4 Bxe4 12.fxe4 Nxe4 13.Nxe4 Bxd2+ 14.Kxd2 d5 15.Ng3 Nd7
16.c3 e5 17.Re1 O-O-O 18.Nb3 Nb6 19.Bf2 Nc4+ 20.Kc2 b4 21.Bc5 bxc3 22.bxc3 Rhe8
23.g5 hxg5 24.hxg5 Kb8 25.Rb1 Ka8 26.Bg2 Qc6 27.Nf1 Qg6+ 28.Kc1 Qd3 29.Bb4 e4
30.Nc5 Qe2 31.Nxa6 Rc8 32.Bh3 Qe1+ 33.Kc2 Qf2+ 34.Kb3 Qxg1 35.Rd1 Qb6  0-1

[Event "Lloyds Bank op"]
[Site "London"]
[Date "1987.??.??"]
[Round "6"]
[White "Plaskett, Jim"]
[Black "Bjerring, Kai"]
[Result "1-0"]
[WhiteElo "2475"]
[BlackElo "2300"]

1.e4 c5 2.Nc3 a6 3.Nf3 e6 4.d4 cxd4 5.Nxd4 Qc7 6.g3 d6 7.Bg2 Bd7 8.O-O Nc6
9.Nxc6 Bxc6 10.Re1 Be7 11.Qg4 Kf8 12.b3 Nf6 13.Qe2 b5 14.a3 Rc8 15.Bb2 h6
16.Rad1 Kg8 17.Nd5 Nxd5 18.exd5 Bd7 19.dxe6 Bxe6 20.Qh5 Qd7 21.Rxe6 fxe6
22.Re1 Rc5 23.Qg6 Rg5 24.Qe4 Kf7 25.Bh3 Rg6 26.Qf3+ Kg8 27.Qh5 Rg5 28.Bxe6+ Qxe6
29.Qe8+ Kh7 30.Qxh8+ Kxh8 31.Rxe6 Bf8 32.Rxh6+ Kg8 33.Re6 Rd5 34.Re2 Rd1+
35.Kg2 d5 36.b4 Kf7 37.Bc3 d4 38.Rd2 Rxd2 39.Bxd2 Ke6 40.Kf3 Kd5 41.h4  1-0

[Event "Lugano op"]
[Site "Lugano"]
[Date "1987.??.??"]
[Round "?"]
[White "Adzic, Slobodan"]
[Black "Cvitan, Ognjen"]
[Result "1-0"]
[WhiteElo "2265"]
[BlackElo "2500"]

1.e4 c5 2.Nf3 e6 3.d4 cxd4 4.Nxd4 a6 5.Nc3 d6 6.g3 Nf6 7.Bg2 Be7 8.O-O O-O
9.Be3 Qc7 10.g4 Nc6 11.g5 Nd7 12.f4 Nxd4 13.Bxd4 b5 14.Qh5 Bb7 15.Rf3 e5
16.fxe5 dxe5 17.Rh3 h6 18.Be3 Bc5 19.Bxc5 Qxc5+ 20.Kh1 b4 21.Ne2 Qxc2 22.Ng3 Rac8
23.Rf1 Rc4 24.Rh4 Nc5 25.gxh6 Nxe4 26.Rxe4 Rxe4 27.hxg7 Kxg7 28.Nf5+  1-0

[Event "URS-FL"]
[Site "Lvov"]
[Date "1987.??.??"]
[Round "?"]
[White "Gavrikov, Viktor"]
[Black "Vyzmanavin, Alexey"]
[Result "1-0"]
[WhiteElo "2525"]
[BlackElo "2480"]

1.e4 c5 2.Nf3 e6 3.d4 cxd4 4.Nxd4 a6 5.Nc3 Qc7 6.g3 Nf6 7.Bg2 Be7 8.O-O O-O
9.f4 d6 10.g4 Nc6 11.Nxc6 bxc6 12.g5 Nd7 13.Be3 Re8 14.h4 d5 15.f5 Bb7 16.h5 Bd6
17.Bf2 exf5 18.exf5 Ne5 19.Na4 Qe7 20.f6 gxf6 21.gxf6 Qxf6 22.Bc5 Qh6 23.Bxd6 Qxd6
24.Qd4 Rad8 25.Rf4 Qh6 26.Rf5 Qg7 27.Qf4 h6 28.Rf1 Bc8 29.Rf6 Re6 30.Rxe6 Bxe6
31.Nc5 Bc8 32.Re1 Re8 33.Re3 Qg5 34.Qxg5+ hxg5 35.c4 dxc4 36.Bxc6 Re7 37.Bd5 Kf8
38.h6 f5 39.h7 Ng6 40.Rxe7 Kxe7 41.Bxc4 a5 42.Nb3 Kf6 43.Nxa5 Kg7 44.b4 Kxh7
45.b5 Ne5 46.Bf1 Kg7 47.b6 Kf6 48.b7 Bxb7 49.Nxb7 Ke6 50.Bb5 Kd5 51.a4 f4
52.a5 Nc6 53.a6 g4 54.Kf2 g3+ 55.Kg2 Na7 56.Bd7 Kc4 57.Kf3 Kb4 58.Bh3 Kb5
59.Bf1+ Kb6 60.Nd8 Nc8 61.Ne6 Ne7 62.Nxf4 Nf5 63.Nd5+ Ka7 64.Bd3 Nd4+ 65.Kxg3 Ne6
66.Nb4 Kb6 67.Bc4 Nc5 68.Kf4 Nd7 69.Nd5+ Ka7 70.Kf5 Nc5 71.Nb4 Kb6 72.Ke5 Ka7
73.Kd6 Ne4+ 74.Kc6 Nf6 75.Nd5 Ne8 76.Kd7 Ng7 77.Ne7  1-0

[Event "Moscow-A"]
[Site "Moscow"]
[Date "1987.??.??"]
[Round "?"]
[White "Vasiukov, Evgeni"]
[Black "Ionescu, Constantin"]
[Result "1-0"]
[WhiteElo "2510"]
[BlackElo "2520"]

1.e4 c5 2.Nf3 e6 3.d4 cxd4 4.Nxd4 a6 5.Nc3 Qc7 6.g3 Nf6 7.Bg2 Be7 8.O-O Nc6
9.Re1 d6 10.Nxc6 bxc6 11.e5 dxe5 12.Rxe5 O-O 13.Bf4 Qb7 14.Re2 Bd7 15.Na4 Rfd8
16.c4 Be8 17.Qc2 Nd7 18.Be3 Rac8 19.Rb1 a5 20.h3 Qa6 21.b3 f6 22.f4 Bf7 23.Rbe1 Re8
24.Kh2 Qb7 25.Be4 g6 26.Bf3 Qc7 27.Rd1 c5 28.Red2 Nb6 29.Nc3 Qb8 30.Nb5 Red8
31.a4 Be8 32.Rxd8 Rxd8 33.Bd2 e5 34.f5 gxf5 35.Qxf5 Bg6 36.Qe6+ Kf8 37.Bh6+  1-0

[Event "NLD-chT"]
[Site "NLD"]
[Date "1987.??.??"]
[Round "?"]
[White "Carlier, Bruno"]
[Black "Goldstern, Flip"]
[Result "1-0"]
[WhiteElo "2360"]
[BlackElo "2300"]

1.e4 c5 2.Nf3 e6 3.d4 cxd4 4.Nxd4 a6 5.Nc3 Qc7 6.f4 Bb4 7.Qd3 Nf6 8.e5 Nd5
9.Bd2 Nxc3 10.bxc3 Bf8 11.Be2 d6 12.O-O Nd7 13.Rae1 dxe5 14.fxe5 Nxe5 15.Qg3 f6
16.Bh5+ Kd8 17.Bf4 Bd6 18.Bxe5 Bxe5 19.Rxe5 Qxe5 20.Qxg7 Qxh5 21.Qxh8+ Kc7
22.Rxf6 Kb6 23.Qd8+ Ka7 24.Qc7 Qd5 25.Rf7 a5 26.a4 Ka6 27.Rf8  1-0

[Event "Primorsko op"]
[Site "Primorsko"]
[Date "1987.??.??"]
[Round "4"]
[White "Kremenietsky, Anatoly M"]
[Black "Ninov, Kiril"]
[Result "0-1"]
[WhiteElo "2395"]
[BlackElo "2315"]

1.e4 c5 2.Nf3 e6 3.d4 cxd4 4.Nxd4 a6 5.Nc3 Nc6 6.Be2 Qc7 7.O-O Nf6 8.Be3 Bb4
9.Nxc6 bxc6 10.Na4 O-O 11.c4 Bd6 12.f4 Nxe4 13.c5 Be7 14.Bd3 d5 15.cxd6 Nxd6
16.Rc1 Rb8 17.Bd4 Nf5 18.Bxf5 exf5 19.Be5 Qa7+ 20.Kh1 Rb7 21.Bd4 Qb8 22.Be5 Qa7
23.Rxc6 Rd7 24.Qb3 Bb7 25.Rc3 Kh8 26.Nb6 Rd2 27.Rg3 f6 28.Bc3 Rd6 29.Ba5 Be4
30.h3 Qb7 31.Rd1 Rxd1+ 32.Qxd1 Rd8 33.Qh5 Bc5 34.Na4 Qf7 35.Qe2 Qc4  0-1